000 00547nam a2200205 4500
003 OSt
005 20240725005714.0
006 a
008 240725b |||||||| |||| 00| 0 eng d
020 _a0767917065
040 _aDWCL-Main lib.
_cOC
082 _aCirc. 657.2 F585b 2005
100 _aFlannery, David A.
245 _aBookkeeping made simple /
260 _aN.Y. :
_bBroadway Books,
_cc2005.
300 _axii,
_b148 p. : ill. ;
_c26 cm.
504 _aIncludes index.
650 _a1. Bookkeeping.
942 _2ddc
_n0
_cBK-CIRC
_kCirc.
999 _c2691
_d2691